Normal view
MARC view
Entry Personal Name
001 - CONTROL NUMBER
- control field: 1548
003 - CONTROL NUMBER IDENTIFIER
- control field: csc
005 - DATE AND TIME OF LATEST TRANSACTION
- control field: 20140507162057.0
008 - FIXED-LENGTH DATA ELEMENTS
- fixed length control field: 130724|| aca||aabn | a|a d
040 ## - CATALOGING SOURCE
- Original cataloging agency: csc
- Transcribing agency: csc
100 ## - HEADING--PERSONAL NAME
- Personal name: Socrates
- Form subdivision: Fiction.
670 ## - SOURCE DATA FOUND
- Source citation: Work cat.: (csc)306: Renault, Mary, 1905-1983. 1308, The last of the wine /, 2004, c1995.